Ivan and the informer / (Record no. 5497)
[ view plain ]
| 000 -LEADER | |
|---|---|
| fixed length control field | 00599cam a2200229Ii 4500 |
| 001 - CONTROL NUMBER | |
| control field | 2306436 |
| 003 - CONTROL NUMBER IDENTIFIER | |
| control field | OCoLC |
| 005 - DATE AND TIME OF LATEST TRANSACTION | |
| control field | 20190104134720.0 |
| 008 - FIXED-LENGTH DATA ELEMENTS--GENERAL INFORMATION | |
| fixed length control field | 760712s1974 ilua j 000 1 eng d |
| 010 ## - LIBRARY OF CONGRESS CONTROL NUMBER | |
| LC control number | 74002939 |
| 020 ## - INTERNATIONAL STANDARD BOOK NUMBER | |
| International Standard Book Number | 0802441890 (pbk.) : |
| 020 ## - INTERNATIONAL STANDARD BOOK NUMBER | |
| International Standard Book Number | 9780802441898 (pbk.) |
| 035 ## - SYSTEM CONTROL NUMBER | |
| System control number | (OCoLC)2306436 |
| 040 ## - CATALOGING SOURCE | |
| Original cataloging agency | MZN |
| Transcribing agency | MZN |
| Modifying agency | OCLCQ |
| -- | MZN |
| 082 ## - DEWEY DECIMAL CLASSIFICATION NUMBER | |
| Classification number | 813.54 |
| Item number | G761I |
| 090 ## - LOCALLY ASSIGNED LC-TYPE CALL NUMBER (OCLC); LOCAL CALL NUMBER (RLIN) | |
| Classification number (OCLC) (R) ; Classification number, CALL (RLIN) (NR) | PZ7.G7673 |
| Local cutter number (OCLC) ; Book number/undivided call number, CALL (RLIN) | I9 1974 |
| 100 1# - MAIN ENTRY--PERSONAL NAME | |
| Personal name | Grant, Myrna |
| 245 10 - TITLE STATEMENT | |
| Title | Ivan and the informer / |
| Statement of responsibility, etc. | by Myrna Grant |
| 260 ## - PUBLICATION, DISTRIBUTION, ETC. | |
| Place of publication, distribution, etc. | Chicago : |
| Name of publisher, distributor, etc. | Moody, |
| Date of publication, distribution, etc. | 1974 |
| 300 ## - PHYSICAL DESCRIPTION | |
| Extent | 93 p. : |
| Other physical details | ill. ; |
| Dimensions | 19 cm |
| 942 ## - ADDED ENTRY ELEMENTS (KOHA) | |
| Source of classification or shelving scheme | Dewey Decimal Classification |
| Koha item type | Books |
| Withdrawn status | Lost status | Source of classification or shelving scheme | Damaged status | Not for loan | Collection code | Home library | Current library | Shelving location | Date acquired | Cost, normal purchase price | Total Checkouts | Full call number | Barcode | Date last seen | Price effective from | Koha item type |
|---|---|---|---|---|---|---|---|---|---|---|---|---|---|---|---|---|
| Dewey Decimal Classification | Non-fiction | Harvest Mission College | Harvest Mission College | General Stacks | 04.01.2019 | 180.00 | 813.54 G761I | 006268 | 04.01.2019 | 04.01.2019 | Books |
